| 000 | 01101nam1a22002891 4500 | ||
|---|---|---|---|
| 001 | v19\rc\1919195 | ||
| 005 | 20260407142748.0 | ||
| 035 | _a(NLR Aleph) 005006286 | ||
| 090 |
_a6439403 _c6439403 |
||
| 100 | _a20251123 rusy50 | ||
| 101 | 0 | _arus | |
| 102 | _aRU | ||
| 105 | _ay j ||||| | ||
| 200 | 1 | _aОбщий состав Императорской Военно-медицинской академии и состоящих при ней учебно-вспомогательных учреждений... | |
| 210 |
_aСанкт-Петербург _d1912-1916 |
||
| 215 | _d17 | ||
| 300 | _aЗагл. изд. 1916 г. незнач. изм. | ||
| 710 | 0 | 2 |
_aВоенно-медицинская академия _cПетербург _3RU\NLR\AUTH\8810013557 _9525018 |
| 801 | 0 |
_aRU _bNLR _gpsbo |
|
| 801 | 0 |
_aRU _bRuMoRGB _2psbo |
|
| 801 | 1 |
_aRU _bProSoft-M _2rusmarc |
|
| 852 |
_aNLR _jШифры разные _y(1916-1917) |
||
| 899 |
_aRuMoRGB _jΔ 396/159 _y(1891-1917*) |
||
| 899 |
_aRuMoRGB _jΔм 900/1967 _y(1891-1917*) |
||
| 899 |
_aГПИБ _y(1893) |
||
| 942 | _cBOOK | ||
| 980 | _aNB | ||